Armenia after 2018 (Record no. 80967)

MARC details
000 -LEADER
fixed length control field 02408namaa2200421uu 4500
001 - CONTROL NUMBER
control field doab136371
003 - CONTROL NUMBER IDENTIFIER
control field oapen
005 - DATE AND TIME OF LATEST TRANSACTION
control field 20260218110428.0
006 - FIXED-LENGTH DATA ELEMENTS--ADDITIONAL MATERIAL CHARACTERISTICS
fixed length control field m o d
007 - PHYSICAL DESCRIPTION FIXED FIELD--GENERAL INFORMATION
fixed length control field cr|mn|---annan
008 - FIXED-LENGTH DATA ELEMENTS--GENERAL INFORMATION
fixed length control field 240411s2024 xx |||||o ||| 0|eng d
020 ## - INTERNATIONAL STANDARD BOOK NUMBER
International Standard Book Number 9783034345866
020 ## - INTERNATIONAL STANDARD BOOK NUMBER
International Standard Book Number 9783034348065
020 ## - INTERNATIONAL STANDARD BOOK NUMBER
International Standard Book Number 9783034348072
020 ## - INTERNATIONAL STANDARD BOOK NUMBER
International Standard Book Number b21429
024 7# - OTHER STANDARD IDENTIFIER
Standard number or code 10.3726/b21429
Source of number or code doi
040 ## - CATALOGING SOURCE
Original cataloging agency oapen
Transcribing agency oapen
Modifying agency
041 0# - LANGUAGE CODE
Language code of text/sound track or separate title eng
042 ## - AUTHENTICATION CODE
Authentication code dc
245 00 - TITLE STATEMENT
Title Armenia after 2018
Remainder of title Social and Political Transformations
260 ## - PUBLICATION, DISTRIBUTION, ETC.
Place of publication, distribution, etc. Bern
Name of publisher, distributor, etc. Peter Lang International Academic Publishers
Date of publication, distribution, etc. 2024
300 ## - PHYSICAL DESCRIPTION
Extent 1 online resource (196 p.)
336 ## - CONTENT TYPE
Content type term text
Content type code txt
Source rdacontent
337 ## - MEDIA TYPE
Media type term computer
Media type code c
Source rdamedia
338 ## - CARRIER TYPE
Carrier type term online resource
Carrier type code cr
Source rdacarrier
490 1# - SERIES STATEMENT
Series statement Interdisciplinary Studies on Central and Eastern Europe
506 0# - RESTRICTIONS ON ACCESS NOTE
Standardized terminology for access restriction Unrestricted online access
Source of term star
520 ## - SUMMARY, ETC.
Summary, etc. This book focuses on social and political developments in Armenia during a turbulent post-2018 period. Between 2018 and 2020, the country experienced three significant waves of upheaval: a revolution, a pandemic, and a war. These events had far-reaching implications for Armenia's social, cultural, security, and political foundations. The book provides both factual insights and theoretical underpinnings that help readers understand the country's transformation and the resulting challenges. In its immediate neighbourhood, Armenia is one of the few countries with a clear commitment to democratic governance. However, the country, with its democratic potential in Europe's eastern neighbourhood, is currently undergoing complex dynamics in security and social spheres. The main goal of this volume is to shed light on Armenia's complicated reality, bring it into the research spotlight, and foster discussions about the country's core challenges.
540 ## - TERMS GOVERNING USE AND REPRODUCTION NOTE
Terms governing use and reproduction Creative Commons
-- https://creativecommons.org/licenses/by/4.0
-- cc
Uniform Resource Identifier <a href="https://creativecommons.org/licenses/by/4.0">https://creativecommons.org/licenses/by/4.0</a>
546 ## - LANGUAGE NOTE
Language note English
720 1# - ADDED ENTRY--UNCONTROLLED NAME
Name Gevorgyan, Valentina
Relator code edt
720 1# - ADDED ENTRY--UNCONTROLLED NAME
Name Antonyan, Yulia
Relator code edt
720 1# - ADDED ENTRY--UNCONTROLLED NAME
Name Antonyan, Yulia
Relator code oth
720 1# - ADDED ENTRY--UNCONTROLLED NAME
Name Gevorgyan, Valentina
Relator code oth
793 0# -
-- DOAB Library.
856 ## - ELECTRONIC LOCATION AND ACCESS
Uniform Resource Identifier <a href="https://docs.google.com/spreadsheets/d/1yKIrdCPDAG_9c22mwoOIO2DOhtj65Wqa/edit?usp=sharing&ouid=106555315294820607512&rtpof=true&sd=true ">https://docs.google.com/spreadsheets/d/1yKIrdCPDAG_9c22mwoOIO2DOhtj65Wqa/edit?usp=sharing&ouid=106555315294820607512&rtpof=true&sd=true </a>
Link text List of Curated E-Books
942 ## - ADDED ENTRY ELEMENTS (KOHA)
Koha item type E-Book
Holdings
Withdrawn status Damaged status Not for loan Home library Current library Date acquired Total Checkouts Date last seen Price effective from Koha item type
      Directory of Open Access Books Directory of Open Access Books 12/09/2024   12/09/2024 12/09/2024 E-Book

University of Rizal System
Email us at univlibservices@urs.edu.ph

Visit our Website www.urs.edu.ph/library